ஹதீஸ் முறைமையும் கிரந்தங்களும் (Record no. 3094)

MARC details
000 -LEADER
fixed length control field 008080000a22002290004500
003 - CONTROL NUMBER IDENTIFIER
control field LK-CoMWRAF
005 - DATE AND TIME OF LATEST TRANSACTION
control field 20240318150759.0
008 - FIXED-LENGTH DATA ELEMENTS--GENERAL INFORMATION
fixed length control field 230817t1989 ||||| |||| 00| 0 eng d
020 ## - INTERNATIONAL STANDARD BOOK NUMBER
International Standard Book Number 9558202002
040 ## - CATALOGING SOURCE
Original cataloging agency LK-CoMWRAF
Modifying agency LK-CoMWRAF
Description conventions LK-CoMWRAF
041 ## - LANGUAGE CODE
Language code of text/sound track or separate title English
082 ## - DEWEY DECIMAL CLASSIFICATION NUMBER
Classification number 297.124
Item number AZA
942 ## - ADDED ENTRY ELEMENTS (KOHA)
Koha item type Books
100 ## - MAIN ENTRY--PERSONAL NAME
Personal name அஸமி, முஹம்மது முஸ்தபா
Personal name (Transliterated) Azami, Muhammad Musthafa
242 ## - TRANSLATION OF TITLE BY CATALOGING AGENCY
Title Studies in Hadith Methodology and Literature
245 ## - TITLE STATEMENT
Title ஹதீஸ் முறைமையும் கிரந்தங்களும்
246 ## - VARYING FORM OF TITLE
Title proper/short title Hadees Muraimaiyum Kirandankalum
260 ## - PUBLICATION, DISTRIBUTION, ETC. (IMPRINT)
Place of publication, distribution, etc. Dharga Town:
Name of publisher, distributor, etc. Muslim Institute for Social development,
Date of publication, distribution, etc. 1989
300 ## - PHYSICAL DESCRIPTION
Extent 218 p.
856 ## - ELECTRONIC LOCATION AND ACCESS
Uniform Resource Identifier <a href="https://noolaham.net/project/135/13485/13485.pdf">https://noolaham.net/project/135/13485/13485.pdf</a>
650 ## - SUBJECT ADDED ENTRY--TOPICAL TERM
Topical term or geographic name as entry element HADITH
Holdings
Withdrawn status Lost status Damaged status Not for loan Permanent Location Current Location Date acquired Full call number Barcode Koha item type
        Resource center, Muslim Women's Research And Action Forum Resource center, Muslim Women's Research And Action Forum 2023-08-17 297.124 AZA RAF3594 Books

Copyright © 2023 Muslim Women's Research and Action Forum (MWRAF), No 27/3, Anderson Road, Kalubowila, Dehiwela. Funded by The Asia Fundation